|
|
|
|
| LEADER |
01484nam a22003377a 4500 |
| 001 |
mzk03001091461 |
| 003 |
CZ BrMZK |
| 005 |
20110825095231.0 |
| 007 |
ta |
| 008 |
070301s1767 xr d fr|||||00| ||latod |
| 040 |
|
|
|a BOA001
|b cze
|c BOA001
|
| 072 |
|
7 |
|a 094
|x Staré tisky
|2 Konspekt
|9 12
|
| 080 |
|
|
|a (0.068)094
|2 MRF
|
| 100 |
1 |
|
|a Pleyer, Josef,
|d 1709-1799
|7 xx0127995
|4 aut
|
| 245 |
1 |
0 |
|a Lux Ad Legitimam Ecclesiasticorum Ordinum Susceptionem :
|b Et Munerum Ecclesiasticorum Administrationem Praemonstrata In Commodum Eorum, Qui In Sortem Domini Vocantur.
|n [Pars 2] /
|c Opera, Et Studio Josephi Pleyer Societatis Jesu Presbyteri, Et Theologi
|
| 260 |
|
|
|a Pragae :
|b Typis in Collegio Soc. Jesu ad S. Clementem,
|c 1767
|f (per Joannem Georgium Schneider, Factorem)
|
| 300 |
|
|
|a [31], 387-772 s., [1] příl. ;
|c 8°
|
| 500 |
|
|
|a Výzdoba: Linky z typografických ozdob, příloha
|
| 561 |
|
|
|a Provenience: Ad usum Fris Ambrosii Zandl Filii Conv. Znoym.
|
| 561 |
|
|
|a Provenience: Ad usum P. Francisci Hauer O.P. Filii Conv. Brunensis
|
| 655 |
|
7 |
|a staré tisky
|7 fd422076
|2 czenas
|
| 903 |
|
|
|a RP
|
| 910 |
|
|
|a ZNE450
|b ZD-5.V/1.50a
|
| 978 |
|
|
|b Schneider, Jan Jiří
|a Praha
|c 1767
|
| 978 |
|
|
|b Tiskárna jezuitská
|a Praha
|c 1767
|
| 984 |
|
|
|a Praha
|b Česko
|
| 985 |
|
|
|a 1751-1800
|
| 990 |
|
|
|a BK
|
| 991 |
|
|
|k znojmo
|
| 980 |
|
|
|g ZD-5.V/1.50a
|1 461030001146
|
| 996 |
6 |
|
|b 461030001146
|c ZD-5.V/1.50a
|l stud. ST
|r Sklad / do násl. otevíracího dne
|n 0
|w 001740076
|u 000010
|a 1
|e BOA001
|s P
|